Eliminación por categoría - Clash Royale #1 - Estadísticas

Estadísticas generales
  • Esta prueba ha sido intentada 131 veces
  • La puntuación promedio es 16 de 20
Estadísticas de respuestas
Group
Hint
Respuesta % Correcto
Verde Carta de Clash royale 121
99%
Verde ... de calidad común o especial 59
98%
Verde ... que cueste 4 de elixir o más 31
98%
Verde ... que sea una estructura 7
96%
Naranja Carta de calidad épica, legendaria o campeón 62
96%
Verde Hechizos 21
94%
Verde ... que no invoquen/saquen ninguna tropa 14
94%
Verde ... que a nivel 11 haga menos de 680 de daño (y 200 a torre) 10
93%
Naranja ... que cueste 3 de elixir o menos 21
92%
Verde ... que cueste 3 de elixir o más 6
90%
Naranja ... que no sea un hechizo 11
88%
Verde ... y que inmovilice durante 4 segundos 1 hielo
88%
Naranja Cartas que sean reflejadas por la habilidad del Monje 45
83%
Naranja ... que tengan daño en área (salpicadura) 24
83%
Naranja ... que no sean un hechizo ni estructura 16
79%
Naranja ... que al desplegar la carta haya más de una unidad 3
68%
Verde ... y que no sea capaz de hacer daño 1 Recolector de elixir
67%
Naranja ... y su objetivo sean torretas o estructuras (ignoran tropas) 1 rompemuros
49%
Naranja ... que solo ataquen a objetivos terrestres 4
42%
Naranja ... y que cueste 6 de elixir 1 Chispitas
26%
No se encontraron pruebas coincidentes
Distribución de puntuación
Porcentaje de gente con cada puntuación
Porcentaje por número respondido
Historial de tus puntuaciones
No has intentado esta prueba.